[Event "Rapid Tournament (RAP)"]
[Site "Biel, CH"]
[Date "2025.07.13"]
[Round "1"]
[White "Pardoen, Theodore"]
[Black "Hornung, Hans, Dr."]
[Result "0-1"]
[Board "34"]
[WhiteFideId "282480"]
[BlackFideId "4615140"]
[WhiteElo "1711"]
[BlackElo "2052"]
[WhiteTeam "BEL"]
[BlackTeam "GER"]
[WhiteClock "0:04:08"]
[BlackClock "0:03:17"]
[Variant "Standard"]

1. e4 {[%clk 0:15:09]}  c5 {[%clk 0:15:09]} 2. c3 {[%clk 0:15:12]}  e6 {[%clk 0:15:10]} 3. d4 {[%clk 0:15:15]}  d5 {[%clk 0:15:13]} 4. e5 {[%clk 0:15:15]}  Nc6 {[%clk 0:15:13]} 5. Nf3 {[%clk 0:15:13]}  Nge7 {[%clk 0:15:13]} 6. Bf4 {[%clk 0:15:10]}  Ng6 {[%clk 0:13:29]} 7. Be3 {[%clk 0:14:07]}  Be7 {[%clk 0:12:53]} 8. Bb5 {[%clk 0:13:59]}  O-O {[%clk 0:12:31]} 9. Bxc6 {[%clk 0:13:54]}  bxc6 {[%clk 0:12:33]} 10. dxc5 {[%clk 0:13:47]}  Ba6 {[%clk 0:11:27]} 11. Nbd2 {[%clk 0:12:44]}  Qc7 {[%clk 0:11:03]} 12. Bd4 {[%clk 0:12:14]}  Nf4 {[%clk 0:10:42]} 13. c4 {[%clk 0:09:46]}  Nd3+ {[%clk 0:10:16]} 14. Kf1 {[%clk 0:09:21]}  dxc4 {[%clk 0:09:57]} 15. Qc2 {[%clk 0:08:02]}  c3 {[%clk 0:09:04]} 16. Kg1 {[%clk 0:06:53]}  cxd2 {[%clk 0:08:48]} 17. Qxd2 {[%clk 0:06:48]}  Rfd8 {[%clk 0:07:47]} 18. Qc3 {[%clk 0:06:17]}  Nf4 {[%clk 0:07:15]} 19. Qa3 {[%clk 0:05:24]}  Ne2+ {[%clk 0:04:39]} 20. Kf1 {[%clk 0:05:08]}  Bb5 {[%clk 0:04:22]} 21. Ke1 {[%clk 0:04:54]}  Nxd4 {[%clk 0:04:23]} 22. Nxd4 {[%clk 0:04:50]}  Rxd4 {[%clk 0:04:25]} 23. Qe3 {[%clk 0:04:39]}  Qa5+ {[%clk 0:03:54]} 24. Qc3 {[%clk 0:04:21]}  Re4+ {[%clk 0:03:46]} 25. Kd2 {[%clk 0:04:18]}  Re2+ {[%clk 0:03:16]} 26. Kc1 {[%clk 0:04:06]}  Qxc3+ {[%clk 0:03:14]} 27. bxc3 {[%clk 0:04:08]}  Bxc5 {[%clk 0:03:17]} 0-1

[Event "Rapid Tournament (RAP)"]
[Site "Biel, CH"]
[Date "2025.07.13"]
[Round "1"]
[White "Vilaseca, Laurent"]
[Black "Jordan, Christina"]
[Result "1-0"]
[Board "35"]
[WhiteFideId "1310240"]
[BlackFideId "1347977"]
[WhiteElo "2044"]
[BlackElo "1710"]
[WhiteTeam "SUI"]
[BlackTeam "SUI"]
[WhiteClock "0:00:54"]
[BlackClock "0:00:43"]
[Variant "Standard"]

1. d4 {[%clk 0:15:00]}  d5 {[%clk 0:15:09]} 2. Nf3 {[%clk 0:15:04]}  Nf6 {[%clk 0:15:12]} 3. e3 {[%clk 0:15:07]}  Bf5 {[%clk 0:15:02]} 4. Be2 {[%clk 0:15:06]}  e6 {[%clk 0:15:06]} 5. O-O {[%clk 0:15:08]}  Bd6 {[%clk 0:15:09]} 6. h3 {[%clk 0:15:08]}  O-O {[%clk 0:15:08]} 7. c4 {[%clk 0:15:10]}  c6 {[%clk 0:15:07]} 8. Nc3 {[%clk 0:15:14]}  Nbd7 {[%clk 0:14:50]} 9. Nh4 {[%clk 0:15:15]}  Bg6 {[%clk 0:14:50]} 10. Nxg6 {[%clk 0:15:05]}  hxg6 {[%clk 0:14:44]} 11. cxd5 {[%clk 0:14:52]}  exd5 {[%clk 0:14:33]} 12. Rb1 {[%clk 0:14:49]}  Re8 {[%clk 0:12:16]} 13. b4 {[%clk 0:14:38]}  a6 {[%clk 0:12:35]} 14. a4 {[%clk 0:14:41]}  b5 {[%clk 0:11:58]} 15. a5 {[%clk 0:13:59]}  Ne4 {[%clk 0:11:14]} 16. Qc2 {[%clk 0:13:35]}  Nxc3 {[%clk 0:10:55]} 17. Qxc3 {[%clk 0:13:38]}  Rc8 {[%clk 0:10:47]} 18. Bf3 {[%clk 0:13:33]}  Nf6 {[%clk 0:11:01]} 19. Re1 {[%clk 0:13:25]}  Qe7 {[%clk 0:10:41]} 20. Bd2 {[%clk 0:11:54]}  Qe6 {[%clk 0:09:51]} 21. Rbc1 {[%clk 0:11:39]}  Ne4 {[%clk 0:07:45]} 22. Bxe4 {[%clk 0:09:53]}  dxe4 {[%clk 0:08:36]} 23. Rc2 {[%clk 0:09:39]}  Qd5 {[%clk 0:08:26]} 24. Rec1 {[%clk 0:09:40]}  Re6 {[%clk 0:08:03]} 25. Qb2 {[%clk 0:07:54]}  Re7 {[%clk 0:06:45]} 26. Qa2 {[%clk 0:07:45]}  Rec7 {[%clk 0:06:24]} 27. Be1 {[%clk 0:06:48]}  Kf8 {[%clk 0:05:47]} 28. Qa3 {[%clk 0:04:45]}  f5 {[%clk 0:04:45]} 29. Qc3 {[%clk 0:04:42]}  Kg8 {[%clk 0:03:56]} 30. Qd2 {[%clk 0:04:40]}  Rf8 {[%clk 0:03:41]} 31. Qe2 {[%clk 0:04:05]}  Rf6 {[%clk 0:02:34]} 32. f3 {[%clk 0:03:47]}  f4 {[%clk 0:02:17]} 33. fxe4 {[%clk 0:01:10]}  Qxe4 {[%clk 0:02:19]} 34. Qf3 {[%clk 0:00:33]}  Qxf3 {[%clk 0:01:42]} 35. gxf3 {[%clk 0:00:37]}  fxe3 {[%clk 0:01:44]} 36. Kg2 {[%clk 0:00:41]}  Bf4 {[%clk 0:00:35]} 37. d5 {[%clk 0:00:25]}  Kf7 {[%clk 0:00:30]} 38. dxc6 {[%clk 0:00:14]}  Rd6 {[%clk 0:00:20]} 39. Bg3 {[%clk 0:00:13]}  Rd2+ {[%clk 0:00:08]} 40. Rxd2 {[%clk 0:00:15]}  exd2 {[%clk 0:00:06]} 41. Rd1 {[%clk 0:00:19]}  Bxg3 {[%clk 0:00:15]} 42. Kxg3 {[%clk 0:00:23]}  Rxc6 {[%clk 0:00:19]} 43. Rxd2 {[%clk 0:00:27]}  Ke6 {[%clk 0:00:13]} 44. h4 {[%clk 0:00:18]}  Rd6 {[%clk 0:00:21]} 45. Re2+ {[%clk 0:00:20]}  Kf6 {[%clk 0:00:24]} 46. Re4 {[%clk 0:00:19]}  Kf7 {[%clk 0:00:25]} 47. Kf4 {[%clk 0:00:22]}  Kf6 {[%clk 0:00:29]} 48. Ke3 {[%clk 0:00:23]}  Re6 {[%clk 0:00:32]} 49. Kd4 {[%clk 0:00:19]}  Rxe4+ {[%clk 0:00:15]} 50. fxe4 {[%clk 0:00:24]}  g5 {[%clk 0:00:18]} 51. hxg5+ {[%clk 0:00:28]}  Kxg5 {[%clk 0:00:22]} 52. e5 {[%clk 0:00:32]}  Kf5 {[%clk 0:00:24]} 53. Kd5 {[%clk 0:00:36]}  g5 {[%clk 0:00:29]} 54. e6 {[%clk 0:00:41]}  g4 {[%clk 0:00:33]} 55. e7 {[%clk 0:00:45]}  g3 {[%clk 0:00:36]} 56. e8=Q {[%clk 0:00:48]}  Kf4 {[%clk 0:00:40]} 57. Qe2 {[%clk 0:00:51]}  Kg5 {[%clk 0:00:43]} 58. Qg2 {[%clk 0:00:54]} 1-0

[Event "Rapid Tournament (RAP)"]
[Site "Biel, CH"]
[Date "2025.07.13"]
[Round "1"]
[White "Avilova, Yulia"]
[Black "Bai, Xue"]
[Result "1-0"]
[Board "36"]
[WhiteFideId "34166073"]
[BlackFideId "8608717"]
[WhiteElo "1708"]
[BlackElo "2035"]
[WhiteTeam "SUI"]
[BlackTeam "CHN"]
[WhiteClock "0:10:26"]
[BlackClock "0:12:16"]
[Variant "Standard"]

1. Nf3 {[%clk 0:15:09]}  d5 {[%clk 0:15:09]} 2. c4 {[%clk 0:15:12]}  e6 {[%clk 0:15:12]} 3. e3 {[%clk 0:15:16]}  Nf6 {[%clk 0:15:16]} 4. Nc3 {[%clk 0:15:19]}  Be7 {[%clk 0:15:19]} 5. d4 {[%clk 0:15:22]}  c6 {[%clk 0:15:21]} 6. Bd3 {[%clk 0:15:25]}  Nbd7 {[%clk 0:15:25]} 7. O-O {[%clk 0:15:20]}  O-O {[%clk 0:15:26]} 8. b3 {[%clk 0:15:10]}  b6 {[%clk 0:15:29]} 9. Bb2 {[%clk 0:15:13]}  Bb7 {[%clk 0:15:33]} 10. Re1 {[%clk 0:15:16]}  Qc7 {[%clk 0:15:23]} 11. e4 {[%clk 0:15:05]}  dxe4 {[%clk 0:15:26]} 12. Nxe4 {[%clk 0:15:08]}  Nxe4 {[%clk 0:15:29]} 13. Bxe4 {[%clk 0:15:09]}  Nf6 {[%clk 0:15:31]} 14. Bc2 {[%clk 0:14:42]}  Rad8 {[%clk 0:15:32]} 15. Qd3 {[%clk 0:14:04]}  c5 {[%clk 0:15:15]} 16. d5 {[%clk 0:13:24]}  g6 {[%clk 0:15:17]} 17. Be5 {[%clk 0:12:49]}  Qd7 {[%clk 0:15:15]} 18. d6 {[%clk 0:11:54]}  Bxd6 {[%clk 0:14:48]} 19. Bxf6 {[%clk 0:11:53]}  Bxh2+ {[%clk 0:14:50]} 20. Nxh2 {[%clk 0:11:53]}  Qxd3 {[%clk 0:14:52]} 21. Bxd3 {[%clk 0:11:56]}  Rxd3 {[%clk 0:14:54]} 22. Rad1 {[%clk 0:11:56]}  Rxd1 {[%clk 0:14:34]} 23. Rxd1 {[%clk 0:11:59]}  Be4 {[%clk 0:14:23]} 24. Ng4 {[%clk 0:11:49]}  h5 {[%clk 0:14:19]} 25. Ne5 {[%clk 0:11:18]}  a5 {[%clk 0:12:13]} 26. Nd7 {[%clk 0:10:58]}  Re8 {[%clk 0:12:16]} 27. Be5 {[%clk 0:10:26]} 1-0

[Event "Rapid Tournament (RAP)"]
[Site "Biel, CH"]
[Date "2025.07.13"]
[Round "1"]
[White "De Gregorio, Alexis"]
[Black "Gunzinger, Severin"]
[Result "1-0"]
[Board "37"]
[WhiteFideId "1310054"]
[BlackFideId "1362518"]
[WhiteElo "2032"]
[BlackElo "1707"]
[WhiteTeam "SUI"]
[BlackTeam "SUI"]
[WhiteClock "0:01:08"]
[BlackClock "0:00:13"]
[Variant "Standard"]

1. d4 {[%clk 0:15:05]}  Nf6 {[%clk 0:15:08]} 2. c4 {[%clk 0:15:08]}  g6 {[%clk 0:15:10]} 3. Nc3 {[%clk 0:15:12]}  d5 {[%clk 0:15:12]} 4. cxd5 {[%clk 0:15:15]}  Nxd5 {[%clk 0:15:14]} 5. Bd2 {[%clk 0:15:15]}  Bg7 {[%clk 0:15:09]} 6. e4 {[%clk 0:15:15]}  Nxc3 {[%clk 0:15:10]} 7. Bxc3 {[%clk 0:15:12]}  O-O {[%clk 0:15:02]} 8. Bc4 {[%clk 0:14:29]}  c5 {[%clk 0:14:46]} 9. Ne2 {[%clk 0:14:01]}  Nc6 {[%clk 0:14:22]} 10. dxc5 {[%clk 0:12:33]}  Bxc3+ {[%clk 0:14:15]} 11. Nxc3 {[%clk 0:12:37]}  Qa5 {[%clk 0:14:04]} 12. O-O {[%clk 0:12:12]}  Qxc5 {[%clk 0:13:49]} 13. Qd5 {[%clk 0:07:47]}  Qxd5 {[%clk 0:12:38]} 14. Nxd5 {[%clk 0:07:37]}  Be6 {[%clk 0:10:58]} 15. Rfd1 {[%clk 0:07:28]}  Rac8 {[%clk 0:09:53]} 16. Bb3 {[%clk 0:07:14]}  Bxd5 {[%clk 0:08:56]} 17. Rxd5 {[%clk 0:06:41]}  Rfd8 {[%clk 0:08:27]} 18. Rc1 {[%clk 0:04:51]}  e6 {[%clk 0:06:30]} 19. Rdd1 {[%clk 0:04:54]}  Rxd1+ {[%clk 0:04:57]} 20. Rxd1 {[%clk 0:04:56]}  Rd8 {[%clk 0:04:29]} 21. Rxd8+ {[%clk 0:04:42]}  Nxd8 {[%clk 0:04:32]} 22. f4 {[%clk 0:04:06]}  Kg7 {[%clk 0:03:44]} 23. Kf2 {[%clk 0:04:06]}  Nc6 {[%clk 0:03:30]} 24. Ke3 {[%clk 0:03:53]}  Kf6 {[%clk 0:02:46]} 25. e5+ {[%clk 0:03:08]}  Ke7 {[%clk 0:02:30]} 26. Ke4 {[%clk 0:02:30]}  h6 {[%clk 0:02:18]} 27. g4 {[%clk 0:02:01]}  f5+ {[%clk 0:01:34]} 28. exf6+ {[%clk 0:02:02]}  Kxf6 {[%clk 0:01:37]} 29. h4 {[%clk 0:01:52]}  h5 {[%clk 0:01:09]} 30. gxh5 {[%clk 0:01:45]}  gxh5 {[%clk 0:01:13]} 31. Bd1 {[%clk 0:01:39]}  Kg6 {[%clk 0:01:12]} 32. Ba4 {[%clk 0:01:17]}  Kf6 {[%clk 0:00:50]} 33. Bxc6 {[%clk 0:00:56]}  bxc6 {[%clk 0:00:53]} 34. b4 {[%clk 0:00:59]}  a6 {[%clk 0:00:28]} 35. a4 {[%clk 0:00:56]}  Ke7 {[%clk 0:00:28]} 36. Ke5 {[%clk 0:00:59]}  Kd7 {[%clk 0:00:28]} 37. f5 {[%clk 0:00:46]}  exf5 {[%clk 0:00:27]} 38. Kxf5 {[%clk 0:00:50]}  Kd6 {[%clk 0:00:28]} 39. Kg5 {[%clk 0:00:54]}  Ke5 {[%clk 0:00:32]} 40. Kxh5 {[%clk 0:00:56]}  Kf5 {[%clk 0:00:34]} 41. Kh6 {[%clk 0:00:55]}  Kf6 {[%clk 0:00:35]} 42. h5 {[%clk 0:00:59]}  Kf7 {[%clk 0:00:37]} 43. Kg5 {[%clk 0:01:02]}  Kg7 {[%clk 0:00:35]} 44. Kf5 {[%clk 0:01:05]}  Kf7 {[%clk 0:00:24]} 45. h6 {[%clk 0:01:05]}  Kg8 {[%clk 0:00:13]} 46. Ke6 {[%clk 0:01:08]} 1-0

[Event "Rapid Tournament (RAP)"]
[Site "Biel, CH"]
[Date "2025.07.13"]
[Round "1"]
[White "Boyer, Jean-Francois"]
[Black "Chen, Zhi"]
[Result "0-1"]
[Board "38"]
[WhiteFideId "650226"]
[BlackFideId "8619549"]
[WhiteElo "1697"]
[BlackElo "2027"]
[WhiteTeam "FRA"]
[BlackTeam "CHN"]
[WhiteClock "0:00:16"]
[BlackClock "0:01:26"]
[Variant "Standard"]

1. e4 {[%clk 0:15:04]}  g6 {[%clk 0:15:06]} 2. d4 {[%clk 0:15:02]}  d6 {[%clk 0:15:08]} 3. Nf3 {[%clk 0:14:48]}  Bg7 {[%clk 0:15:10]} 4. c3 {[%clk 0:14:16]}  Nd7 {[%clk 0:15:02]} 5. Be3 {[%clk 0:13:37]}  Ngf6 {[%clk 0:14:44]} 6. Bd3 {[%clk 0:13:18]}  e5 {[%clk 0:14:36]} 7. dxe5 {[%clk 0:12:26]}  Nxe5 {[%clk 0:14:07]} 8. Nxe5 {[%clk 0:12:29]}  dxe5 {[%clk 0:14:10]} 9. Bc5 {[%clk 0:12:00]}  b6 {[%clk 0:13:21]} 10. Be3 {[%clk 0:10:47]}  O-O {[%clk 0:12:52]} 11. Qe2 {[%clk 0:10:40]}  Bb7 {[%clk 0:12:31]} 12. f3 {[%clk 0:10:27]}  Nh5 {[%clk 0:12:25]} 13. g3 {[%clk 0:10:05]}  f5 {[%clk 0:11:28]} 14. Bf2 {[%clk 0:08:22]}  fxe4 {[%clk 0:10:58]} 15. Bxe4 {[%clk 0:08:07]}  Bxe4 {[%clk 0:10:55]} 16. Qxe4 {[%clk 0:07:53]}  Nf6 {[%clk 0:09:40]} 17. Qc4+ {[%clk 0:07:24]}  Qd5 {[%clk 0:09:07]} 18. Qxd5+ {[%clk 0:07:14]}  Nxd5 {[%clk 0:09:11]} 19. Nd2 {[%clk 0:07:18]}  Bh6 {[%clk 0:09:06]} 20. Rd1 {[%clk 0:06:13]}  Rae8 {[%clk 0:06:06]} 21. Ne4 {[%clk 0:06:01]}  Nf6 {[%clk 0:05:52]} 22. Ke2 {[%clk 0:05:27]}  Rf7 {[%clk 0:05:39]} 23. Be3 {[%clk 0:05:05]}  Nxe4 {[%clk 0:05:32]} 24. Bxh6 {[%clk 0:04:40]}  Nd6 {[%clk 0:05:36]} 25. Rhf1 {[%clk 0:04:02]}  Nf5 {[%clk 0:05:38]} 26. Bc1 {[%clk 0:03:51]}  e4 {[%clk 0:05:29]} 27. f4 {[%clk 0:03:54]}  Nd6 {[%clk 0:05:33]} 28. Rd5 {[%clk 0:03:44]}  Rf5 {[%clk 0:05:33]} 29. Rd4 {[%clk 0:03:40]}  Rh5 {[%clk 0:04:38]} 30. Rf2 {[%clk 0:03:08]}  a5 {[%clk 0:03:53]} 31. b3 {[%clk 0:03:05]}  Rc5 {[%clk 0:03:43]} 32. c4 {[%clk 0:03:01]}  b5 {[%clk 0:03:31]} 33. Ba3 {[%clk 0:02:52]}  b4 {[%clk 0:03:35]} 34. Bb2 {[%clk 0:02:55]}  a4 {[%clk 0:03:32]} 35. g4 {[%clk 0:02:49]}  Ra8 {[%clk 0:02:54]} 36. Ke3 {[%clk 0:02:39]}  axb3 {[%clk 0:02:58]} 37. axb3 {[%clk 0:02:42]}  Ra2 {[%clk 0:03:02]} 38. Rdd2 {[%clk 0:02:21]}  Rca5 {[%clk 0:02:22]} 39. Be5 {[%clk 0:01:46]}  R2a3 {[%clk 0:01:38]} 40. Rb2 {[%clk 0:01:43]}  Nxc4+ {[%clk 0:01:37]} 41. Kxe4 {[%clk 0:01:29]}  Nxb2 {[%clk 0:01:34]} 42. Rxb2 {[%clk 0:01:33]}  Ra2 {[%clk 0:01:30]} 43. Rxa2 {[%clk 0:01:20]}  Rxa2 {[%clk 0:01:32]} 44. Bxc7 {[%clk 0:01:23]}  Rb2 {[%clk 0:01:20]} 45. f5 {[%clk 0:00:49]}  gxf5+ {[%clk 0:01:18]} 46. gxf5 {[%clk 0:00:52]}  Rxb3 {[%clk 0:01:21]} 47. Kd4 {[%clk 0:00:31]}  Rf3 {[%clk 0:01:19]} 48. Ke4 {[%clk 0:00:14]}  b3 {[%clk 0:01:19]} 49. Be5 {[%clk 0:00:15]}  Rf2 {[%clk 0:01:21]} 50. f6 {[%clk 0:00:12]}  b2 {[%clk 0:01:23]} 51. Bxb2 {[%clk 0:00:16]}  Rxb2 {[%clk 0:01:26]} 0-1

[Event "Rapid Tournament (RAP)"]
[Site "Biel, CH"]
[Date "2025.07.13"]
[Round "1"]
[White "Pinchetti, Andrea"]
[Black "Schaefer, Gion"]
[Result "1-0"]
[Board "39"]
[WhiteFideId "1313800"]
[BlackFideId "1362097"]
[WhiteElo "2026"]
[BlackElo "1696"]
[WhiteTeam "SUI"]
[BlackTeam "SUI"]
[WhiteClock "0:08:06"]
[BlackClock "0:04:36"]
[Variant "Standard"]

1. f4 {[%clk 0:15:05]}  d5 {[%clk 0:15:06]} 2. Nf3 {[%clk 0:15:09]}  c5 {[%clk 0:15:07]} 3. e3 {[%clk 0:15:12]}  Nc6 {[%clk 0:15:11]} 4. Bb5 {[%clk 0:15:11]}  Bf5 {[%clk 0:13:31]} 5. b3 {[%clk 0:14:13]}  e6 {[%clk 0:13:35]} 6. Bb2 {[%clk 0:14:15]}  Nf6 {[%clk 0:13:24]} 7. O-O {[%clk 0:14:14]}  Bd6 {[%clk 0:13:00]} 8. Bxc6+ {[%clk 0:13:50]}  bxc6 {[%clk 0:13:04]} 9. d3 {[%clk 0:13:44]}  Qc7 {[%clk 0:12:13]} 10. Qe2 {[%clk 0:13:28]}  O-O {[%clk 0:11:56]} 11. Nbd2 {[%clk 0:13:31]}  Rab8 {[%clk 0:10:52]} 12. e4 {[%clk 0:12:40]}  dxe4 {[%clk 0:10:30]} 13. dxe4 {[%clk 0:13:14]}  Nxe4 {[%clk 0:09:56]} 14. Nxe4 {[%clk 0:13:16]}  Bxf4 {[%clk 0:09:58]} 15. g3 {[%clk 0:10:48]}  Bxe4 {[%clk 0:09:34]} 16. Qxe4 {[%clk 0:10:47]}  Bxg3 {[%clk 0:09:28]} 17. Qg4 {[%clk 0:09:49]}  Bxh2+ {[%clk 0:08:29]} 18. Nxh2 {[%clk 0:09:49]}  f5 {[%clk 0:08:29]} 19. Qe2 {[%clk 0:09:18]}  Qf7 {[%clk 0:07:32]} 20. Kh1 {[%clk 0:09:02]}  Rb4 {[%clk 0:07:21]} 21. Rg1 {[%clk 0:08:42]}  Re4 {[%clk 0:06:00]} 22. Qf2 {[%clk 0:08:27]}  g6 {[%clk 0:05:41]} 23. Rae1 {[%clk 0:08:10]}  Rxe1 {[%clk 0:05:00]} 24. Qxe1 {[%clk 0:08:09]}  f4 {[%clk 0:04:36]} 25. Qe5 {[%clk 0:08:06]} 1-0

[Event "Rapid Tournament (RAP)"]
[Site "Biel, CH"]
[Date "2025.07.13"]
[Round "1"]
[White "Burri, Nicolas"]
[Black "Laub, Patrick"]
[Result "1-0"]
[Board "40"]
[WhiteFideId "1361449"]
[BlackFideId "1302566"]
[WhiteElo "1695"]
[BlackElo "2018"]
[WhiteTeam "SUI"]
[BlackTeam "SUI"]
[WhiteClock "0:00:22"]
[BlackClock "0:01:04"]
[Variant "Standard"]

1. d4 {[%clk 0:15:07]}  d6 {[%clk 0:15:05]} 2. e4 {[%clk 0:15:02]}  Nf6 {[%clk 0:15:08]} 3. Nc3 {[%clk 0:15:04]}  e5 {[%clk 0:15:11]} 4. dxe5 {[%clk 0:14:34]}  dxe5 {[%clk 0:15:14]} 5. Qxd8+ {[%clk 0:14:32]}  Kxd8 {[%clk 0:15:16]} 6. Nf3 {[%clk 0:14:15]}  Bd6 {[%clk 0:15:11]} 7. Bg5 {[%clk 0:13:22]}  c6 {[%clk 0:12:58]} 8. O-O-O {[%clk 0:12:31]}  Ke7 {[%clk 0:12:51]} 9. Nh4 {[%clk 0:10:53]}  h6 {[%clk 0:11:26]} 10. Bxf6+ {[%clk 0:09:48]}  gxf6 {[%clk 0:11:28]} 11. Be2 {[%clk 0:09:03]}  Bb4 {[%clk 0:09:46]} 12. Rd3 {[%clk 0:08:03]}  Be6 {[%clk 0:09:50]} 13. Rhd1 {[%clk 0:06:59]}  Nd7 {[%clk 0:08:47]} 14. a3 {[%clk 0:05:36]}  Bc5 {[%clk 0:07:51]} 15. f3 {[%clk 0:05:09]}  Bd4 {[%clk 0:07:37]} 16. f4 {[%clk 0:03:34]}  Nc5 {[%clk 0:07:31]} 17. Rf3 {[%clk 0:03:16]}  Bxc3 {[%clk 0:06:55]} 18. Rxc3 {[%clk 0:02:14]}  Nxe4 {[%clk 0:06:49]} 19. Re3 {[%clk 0:01:56]}  Nd6 {[%clk 0:02:20]} 20. fxe5 {[%clk 0:01:50]}  fxe5 {[%clk 0:02:23]} 21. Rxe5 {[%clk 0:01:48]}  Rad8 {[%clk 0:01:58]} 22. Nf3 {[%clk 0:00:49]}  Rhg8 {[%clk 0:01:25]} 23. g3 {[%clk 0:00:44]}  Nf5 {[%clk 0:01:04]} 24. Bd3 {[%clk 0:00:22]} 1-0

[Event "Rapid Tournament (RAP)"]
[Site "Biel, CH"]
[Date "2025.07.13"]
[Round "1"]
[White "Talwalkar, Vedant"]
[Black "Bjarnegard, Henry"]
[Result "1-0"]
[Board "41"]
[WhiteFideId "30962498"]
[BlackFideId "1780662"]
[WhiteTitle "FM"]
[WhiteElo "2014"]
[BlackElo "1691"]
[WhiteTeam "USA"]
[BlackTeam "SWE"]
[WhiteClock "0:03:44"]
[BlackClock "0:00:15"]
[Variant "Standard"]

1. e4 {[%clk 0:15:07]}  c5 {[%clk 0:15:09]} 2. Nf3 {[%clk 0:15:10]}  Nc6 {[%clk 0:15:12]} 3. d4 {[%clk 0:15:12]}  cxd4 {[%clk 0:15:15]} 4. Nxd4 {[%clk 0:15:15]}  Nf6 {[%clk 0:15:19]} 5. Nc3 {[%clk 0:15:18]}  e5 {[%clk 0:15:22]} 6. Ndb5 {[%clk 0:15:17]}  d6 {[%clk 0:15:26]} 7. Nd5 {[%clk 0:15:15]}  Nxd5 {[%clk 0:15:28]} 8. exd5 {[%clk 0:15:18]}  Nb8 {[%clk 0:15:32]} 9. a4 {[%clk 0:15:15]}  Be7 {[%clk 0:15:33]} 10. Be2 {[%clk 0:15:12]}  O-O {[%clk 0:15:21]} 11. Bd2 {[%clk 0:15:11]}  Nd7 {[%clk 0:14:09]} 12. a5 {[%clk 0:15:05]}  a6 {[%clk 0:13:43]} 13. Na3 {[%clk 0:15:08]}  f5 {[%clk 0:12:05]} 14. Nc4 {[%clk 0:14:49]}  Nf6 {[%clk 0:11:47]} 15. Bb4 {[%clk 0:14:41]}  Ne4 {[%clk 0:10:48]} 16. O-O {[%clk 0:13:25]}  Rf6 {[%clk 0:08:26]} 17. f3 {[%clk 0:11:34]}  Nc5 {[%clk 0:09:38]} 18. Bxc5 {[%clk 0:10:09]}  dxc5 {[%clk 0:09:41]} 19. Nxe5 {[%clk 0:10:11]}  Bd6 {[%clk 0:09:23]} 20. f4 {[%clk 0:10:01]}  Qc7 {[%clk 0:08:57]} 21. Bc4 {[%clk 0:09:42]}  Bd7 {[%clk 0:08:30]} 22. Qd3 {[%clk 0:07:01]}  Kh8 {[%clk 0:07:05]} 23. Rfe1 {[%clk 0:06:45]}  Re8 {[%clk 0:06:42]} 24. Qc3 {[%clk 0:06:44]}  Re7 {[%clk 0:06:01]} 25. Rad1 {[%clk 0:06:27]}  Bb5 {[%clk 0:05:48]} 26. g3 {[%clk 0:06:10]}  Rh6 {[%clk 0:04:32]} 27. b3 {[%clk 0:04:51]}  Qd8 {[%clk 0:04:15]} 28. Bxb5 {[%clk 0:04:38]}  axb5 {[%clk 0:04:18]} 29. Qd3 {[%clk 0:02:45]}  Bxe5 {[%clk 0:01:55]} 30. fxe5 {[%clk 0:04:30]}  f4 {[%clk 0:00:53]} 31. Qf3 {[%clk 0:04:08]}  Rf7 {[%clk 0:00:31]} 32. e6 {[%clk 0:04:06]}  Rf5 {[%clk 0:00:30]} 33. e7 {[%clk 0:03:58]}  Qe8 {[%clk 0:00:26]} 34. d6 {[%clk 0:03:37]}  fxg3 {[%clk 0:00:17]} 35. Qxf5 {[%clk 0:03:39]}  gxh2+ {[%clk 0:00:21]} 36. Kh1 {[%clk 0:03:42]}  Qc6+ {[%clk 0:00:15]} 37. Qd5 {[%clk 0:03:44]} 1-0

[Event "Rapid Tournament (RAP)"]
[Site "Biel, CH"]
[Date "2025.07.13"]
[Round "1"]
[White "Tkhoruk, Roman"]
[Black "Keusch, Patrice"]
[Result "1/2-1/2"]
[Board "43"]
[WhiteFideId "34161589"]
[BlackFideId "1352474"]
[WhiteElo "2004"]
[BlackElo "1686"]
[WhiteTeam "SUI"]
[BlackTeam "SUI"]
[WhiteClock "0:03:23"]
[BlackClock "0:02:48"]
[Variant "Standard"]

1. e4 {[%clk 0:15:07]}  c5 {[%clk 0:15:09]} 2. Nf3 {[%clk 0:15:11]}  g6 {[%clk 0:15:13]} 3. d4 {[%clk 0:15:12]}  cxd4 {[%clk 0:15:17]} 4. Nxd4 {[%clk 0:15:14]}  Bg7 {[%clk 0:15:21]} 5. Be3 {[%clk 0:15:13]}  Nc6 {[%clk 0:15:23]} 6. c3 {[%clk 0:15:17]}  Nf6 {[%clk 0:15:02]} 7. Qc2 {[%clk 0:15:12]}  Ng4 {[%clk 0:13:59]} 8. Qd2 {[%clk 0:12:50]}  Nxe3 {[%clk 0:13:53]} 9. fxe3 {[%clk 0:12:23]}  Ne5 {[%clk 0:13:44]} 10. Be2 {[%clk 0:12:15]}  d6 {[%clk 0:13:08]} 11. O-O {[%clk 0:12:10]}  O-O {[%clk 0:12:47]} 12. Na3 {[%clk 0:11:58]}  Bg4 {[%clk 0:10:46]} 13. Bxg4 {[%clk 0:11:32]}  Nxg4 {[%clk 0:10:48]} 14. h3 {[%clk 0:11:34]}  Ne5 {[%clk 0:10:32]} 15. Qe2 {[%clk 0:10:58]}  Rc8 {[%clk 0:10:16]} 16. Rad1 {[%clk 0:10:35]}  a6 {[%clk 0:09:25]} 17. Nf3 {[%clk 0:09:40]}  Nxf3+ {[%clk 0:08:08]} 18. gxf3 {[%clk 0:09:21]}  Rc5 {[%clk 0:07:02]} 19. f4 {[%clk 0:09:06]}  Rh5 {[%clk 0:06:42]} 20. Kg2 {[%clk 0:08:54]}  Qc8 {[%clk 0:06:11]} 21. Rf3 {[%clk 0:08:54]}  Qc6 {[%clk 0:05:37]} 22. Qc4 {[%clk 0:08:18]}  Rc8 {[%clk 0:05:31]} 23. Qxc6 {[%clk 0:08:15]}  Rxc6 {[%clk 0:05:35]} 24. Nc2 {[%clk 0:08:09]}  Rc8 {[%clk 0:03:53]} 25. Rg3 {[%clk 0:08:05]}  b5 {[%clk 0:03:18]} 26. Nb4 {[%clk 0:07:55]}  a5 {[%clk 0:03:01]} 27. Nd5 {[%clk 0:07:56]}  Kf8 {[%clk 0:02:54]} 28. Kf3 {[%clk 0:07:09]}  e6 {[%clk 0:02:44]} 29. Nb6 {[%clk 0:06:44]}  Rc6 {[%clk 0:02:43]} 30. Na8 {[%clk 0:06:16]}  Rc8 {[%clk 0:02:40]} 31. Nb6 {[%clk 0:06:19]}  Rc6 {[%clk 0:02:44]} 32. Na8 {[%clk 0:04:30]}  Rc8 {[%clk 0:02:48]} 33. Nb6 {[%clk 0:03:23]} 1/2-1/2